000 01101nas a2200289 4500
001 BR8400464
003 BR-BrBNA
005 20231205085746.0
007 ta
008 230509b bl.|||p| |||| 00| 00por d
040 _aBR-BrBNA
_bpor
_cBiblioteca Nacional de Agricultura
041 _a(Pt)
072 _aH10
100 1 _aBueno, V.H.P.
100 1 _aBerti Filho, E.
100 1 _aKozima, M.T.
100 1 _aSgrillo, R.B.
245 1 _aAcao predatoria de Labidura riparia (Pallas)(Dermaptera: Labiduridae)sobre a broca da cana-de-acucar, Diatraea saccharalis (Fabricius)(Lepidoptera: Pyralidae)[Saccharum officinarum]
246 1 _a[Predatory work of Labidura riparia (Pallas)(Dermaptera: Labiduridae)on sugarcane borer, Diatraea saccharalis (Fabricius)(Lepidoptera: Pyralidae)[Saccharum officinarum]]
650 _aCANA DE ACUCAR
650 _aBROCA
650 _aINSETO
650 _aCONTROLE BIOLOGICO
773 0 _tRevista de Agricultura (Brazil)
_xISSN 0034-7655
_g(Dec 1983), v. 58(4) p. 291-300
_wBR8400464
909 _a202311
_bLúcia
_c55
_dLúcia Elande
942 _2AGRIS
_n0
_cANA
999 _c113609
_d113609